The temple of dawn

Dramatizes the Japanese experience from the eve of World War II through the degradation of the postwar era.

Đã lưu trong:
Bibliografiske detaljer
Hovedforfatter: Mishima, Yukio
Format: Bog
Sprog:Undetermined
Udgivet: New York, Knopf [distributed by Random House] 1973
Fag:
Tags: Tilføj Tag
Ingen Tags, Vær først til at tagge denne postø!
Thư viện lưu trữ: Trung tâm Học liệu Trường Đại học Cần Thơ
LEADER 00748nam a2200217Ia 4500
001 CTU_113444
008 210402s9999 xx 000 0 und d
082 |a 895.635 
082 |b M678 
100 |a Mishima, Yukio 
245 4 |a The temple of dawn 
245 0 |c Yukio Mishima; Translated from the Japanese by E. Dale Saunders and Cecilia Segawa Seigle 
260 |a New York, Knopf 
260 |b [distributed by Random House] 
260 |c 1973 
520 |a Dramatizes the Japanese experience from the eve of World War II through the degradation of the postwar era. 
650 |a Japanese,Lawyers 
650 |x Travel,Fiction,Fiction 
650 |z India,Japan 
904 |i M.Loan 
980 |a Trung tâm Học liệu Trường Đại học Cần Thơ